2° Congreso Internacional de Educación Media Superior y Superior : (Registro nro. 189301)

Detalles MARC
000 -CABECERA
campo de control de longitud fija 00747nam a2200193 u 4500
005 - FECHA Y HORA DE LA ÚLTIMA TRANSACCIÓN
campo de control 20230421063521.0
008 - ELEMENTOS DE LONGITUD FIJA--INFORMACIÓN GENERAL
campo de control de longitud fija 170331s2009 r 000 0 eng d
035 ## - NÚMERO DE CONTROL DEL SISTEMA
Número de control de sistema UPN01000217201
049 ## - COLECCIÓN
Colección CG
050 #4 - SIGNATURA TOPOGRÁFICA DE LA BIBLIOTECA DEL CONGRESO
Número de clasificación LB2301
Número de documento/Ítem C6.72 2009
111 2# - ASIENTO PRINCIPAL--NOMBRE DE REUNION
Nombre de congreso/reunión o jurisdicción como elemento de entrada Congreso Internacional de Educación Media Superior y Superior
Número del congreso/reunión o número de parte o sección (2o. :
Fecha del congreso/reunión 2009 :
Sede del congreso/Lugar de la reunión México)
245 10 - MENCIÓN DE TÍTULO
Título 2° Congreso Internacional de Educación Media Superior y Superior :
Resto del título los jóvenes en la era del conocimiento : programa.
260 ## - PUBLICACIÓN, DISTRIBUCIÓN, ETC.
Lugar de publicación, distribución, etc. México :
Nombre del editor, distribuidor, etc. Gobierno del Distrito Federal, Secretaría de Educación,
Fecha de publicación, distribución, etc. 2009.
300 ## - DESCRIPCIÓN FÍSICA
Extensión 53 p. :
Otras características físicas cuadros
650 #7 - ASIENTO SECUNDARIO DE MATERIA - TERMINO TEMATICO
Término de materia o nombre geográfico como elemento de entrada Educación media superior
Fuente del encabezamiento o término
9 (RLIN) 2253
650 #7 - ASIENTO SECUNDARIO DE MATERIA - TERMINO TEMATICO
Término de materia o nombre geográfico como elemento de entrada Educación superior
Subdivisión de forma Congresos
Fuente del encabezamiento o término
9 (RLIN) 7384
905 ## - TIPO DE MATERIAL
Tipo de material Libro
Existencias
Estado de retiro Estado de pérdida Fuente del sistema de clasificación o colocación Estado dañado No para préstamo Código de colección Localización permanente Ubicación/localización actual Ubicación en estantería Total de préstamos Clasificación Código de barras Fecha visto por última vez Número de copia Tipo de ítem Koha
    Library of Congress Classification     Colección General Bib. Gregorio Torres Quintero Bib. Gregorio Torres Quintero Planta baja   LB2301 C6.72 2009 310756 31/12/2020 1 Libro
    Library of Congress Classification     Colección General Bib. Gregorio Torres Quintero Bib. Gregorio Torres Quintero Planta baja   LB2301 C6.72 2009 310757 31/12/2020 1 Libro